Sociologie světových systémů hegemonie, centra, periferie

Guardado en:
Detalles Bibliográficos
Autor principal: Holubec, Stanislav
Formato: Libro
Lenguaje:checo
Publicado: Praha Sociologické nakladatelství (SLON) 2009
Colección:Studie 58. svazek
Materias:
Etiquetas: Agregar Etiqueta
Sin Etiquetas, Sea el primero en etiquetar este registro!

MARC

LEADER 00000nam$a2200000$$$4500
001 0111493
005 20240313090429.7
020 |a 978-80-7419-014-8 
041 0 |a cze 
044 |a CZ 
245 1 0 |a Sociologie světových systémů  |b hegemonie, centra, periferie  |c Stanislav Holubec 
264 1 |a Praha  |b Sociologické nakladatelství (SLON)  |c 2009 
300 |a 206 s. 
490 1 |a Studie  |v 58. svazek 
830 0 |a Studie  |v 58. svazek 
610 2 0 |a systémy sociálne 
610 2 0 |a vývoj spoločenský 
610 2 0 |a systémy politické 
610 2 0 |a systémy ekonomické 
610 2 0 |a konflikty 
610 2 0 |a svet 
610 2 0 |a Európa 
610 2 0 |a Česko 
100 1 |a Holubec, Stanislav